000 00608nam a2200241 i 4500
001 C2-0226099
003 PPAK
005 20180728154026.0
008 000618s1991 nyu |||| ||||| | eng d
020 _a0553293354
040 _aPPAK
_beng
_cPPAK
_erda
082 0 4 _a823
_223
090 0 0 _a823
_bASI
_dG
100 1 _aAsimov, Isaac,
_eauthor
245 1 0 _aFoundation
264 1 _aNew York :
_bBantam Books ,
_c1991
300 _a296 pages ;
_c18 cm
336 _2rdacontent
_atext
337 _2rdamedia
_aunmediated
338 _2rdacarrier
_avolume
650 1 0 _aEnglish fiction
942 _ddc
_cB
999 _c146564
_d146564